000 00991cad a22002055a 4500
001 L143876
008 070718s2008 xxkd f 000 0 eng d
035 _a(Sirsi) u143876
041 0 _aeng
050 0 4 _a332.6324 $2 18
110 2 _aJones Lang LaSalle
_93755
245 0 0 _aSustaining value
_h[electronic resource]
260 _aLondon
_bJLL
_c2008
520 _aConsiders how investment value is to be sustained in light of the credit crunch. Argues that sustainability is a new dimension to property risk, and therefore price and performance. Suggests that occupiers are beginning to factor matters of sustainability into procurement policies. Concludes that an increased obsolescence rate is a threat to property performance and value.
590 _aKA
651 4 _aUnited Kingdom
_y
690 _aPROPERTY-COMMERCIAL PROPERTY-COMMERCIAL PROPERTY MARKET
856 4 0 _uhttps://www.joneslanglasalle.com
_zView the report free of charge at www.joneslanglasalle.com...
942 _n0
999 _c108301
_d108301